Commonwealth forestry : a proposed international initiative

Bibliographic Details
Main Author: KEMP
Format: Book
Published: London : Commonwealth Secretariat , 1992
Subjects:

MARC

LEADER 00000cam a2200000 7i4500
001 0000002495
005 20030710.0
090 0 0 |a 634.9   |b KEM 1992 
100 1 0 |a KEMP   |h R. H. 
245 1 0 |a Commonwealth forestry :   |b a proposed international initiative   |c R. H. Kemp 
260 0 0 |a London :   |b Commonwealth Secretariat ,   |c 1992 
300 |a vii, 52 p. ;   |c 30 cm. 
500 0 0 |a Bibliography : p. 47-48 
650 0 0 |a Forests and forestry 
998 |a JPSM 
999 |a 0000004654   |b Monograph   |c Open Shelf   |e Default branch